[Event "C.to Regionale Sardegna"]
[Site "Selargius ITA"]
[Date "2007.04.21"]
[Round "2"]
[White "Paulesu, Sebastiano"]
[Black "Caredda, Giuseppe"]
[Result "1-0"]
[WhiteElo "1969"]
[BlackElo "1418"]
[PlyCount "41"]
[EventDate "2007.04.21"]

1. e4 c5 2. b4 cxb4 3. a3 e6 4. axb4 Bxb4 5. c3 Be7 6. d4 d5 7. e5 Bd7 8. Nf3
Nc6 9. Bd3 Qc7 10. O-O f6 11. Qe2 O-O-O 12. Ba3 fxe5 13. dxe5 Rf8 14. Nbd2 h5
15. c4 dxc4 16. Nxc4 g5 17. Bd6 Bxd6 18. Nxd6+ Kd8 19. Nxg5 Nge7 20. Ngf7+ Rxf7
21. Nxf7+ 1-0

[Event "C.to Regionale Sardegna"]
[Site "Selargius ITA"]
[Date "2007.04.22"]
[Round "3"]
[White "Fenu, Salvatore"]
[Black "Abis, Roberto"]
[Result "1/2-1/2"]
[WhiteElo "1960"]
[BlackElo "1699"]
[PlyCount "92"]
[EventDate "2007.04.21"]

1. d4 Nf6 2. Nf3 e6 3. e3 c5 4. Bd3 d5 5. b3 cxd4 6. exd4 Bd6 7. Bb2 Nc6 8. O-O
O-O 9. Nbd2 Qc7 10. c4 dxc4 11. Nxc4 Be7 12. Rc1 Qb8 13. Nce5 Nb4 14. Bb1 Nbd5
15. a3 Nd7 16. Re1 f6 17. Qd3 f5 18. b4 N7f6 19. Ba2 Ne4 20. Nc4 Qf4 21. Ne3
Qd6 22. Nxd5 exd5 23. Qb5 Nf6 24. Re5 Rd8 25. Rc5 a6 26. Qe2 Bf8 27. Rcxd5 Nxd5
28. Rxd5 Qxd5 29. Bxd5+ Rxd5 30. Qc4 Be6 31. Ng5 Re5 32. Qc3 Rc8 33. dxe5 Rxc3
34. Bxc3 Bd5 35. f4 h6 36. Nf3 Bxf3 37. gxf3 Kf7 38. Kf2 Ke6 39. Ke3 Kd5 40.
Kd3 g6 41. Bd4 Be7 42. Bb6 Bh4 43. Bc5 Bd8 44. Bf8 h5 45. Bc5 Bh4 46. h3 Bd8
1/2-1/2

[Event "C.to Regionale Sardegna"]
[Site "Selargius ITA"]
[Date "2007.04.28"]
[Round "6"]
[White "Paulesu, Sebastiano"]
[Black "Messina, Giuseppe Ottavio"]
[Result "1-0"]
[WhiteElo "1969"]
[BlackElo "2071"]
[PlyCount "51"]
[EventDate "2007.04.21"]

1. e4 e5 2. d4 Nf6 3. dxe5 Nxe4 4. Bc4 Qh4 5. Qe2 Bc5 6. Be3 Bxe3 7. Qxe3 Ng3
8. Bxf7+ Kxf7 9. Qxg3 Qe4+ 10. Ne2 Nc6 11. Nbc3 Qxe5 12. Qxe5 Nxe5 13. Nb5 c6
14. Nd6+ Kf6 15. Ng3 Nf7 16. Nge4+ Kg6 17. O-O-O b6 18. f4 Nxd6 19. Nxd6 Ba6
20. Rhe1 h5 21. Re7 Rhf8 22. f5+ Kf6 23. Rxd7 c5 24. Re1 Bc8 25. Re6+ Kg5 26.
Rxg7+ 1-0

[Event "C.to Regionale Sardegna"]
[Site "Selargius ITA"]
[Date "2007.04.29"]
[Round "7"]
[White "Foddai, Aldo"]
[Black "Paulesu, Sebastiano"]
[Result "0-1"]
[WhiteElo "1820"]
[BlackElo "1969"]
[PlyCount "56"]
[EventDate "2007.04.21"]

1. e4 d5 2. exd5 Nf6 3. d4 Bg4 4. Be2 Bxe2 5. Nxe2 Qxd5 6. O-O e6 7. Nbc3 Qd7
8. Nf4 c6 9. Be3 Bd6 10. Nh5 Nxh5 11. Qxh5 Na6 12. a3 O-O 13. Ne4 Be7 14. Ng5
h6 15. Ne4 Qd5 16. Qf3 Rfd8 17. Nd2 Qxf3 18. Nxf3 Nc7 19. Rad1 Nd5 20. c4 Nf6
21. Rd3 a5 22. a4 Bd6 23. h3 Rd7 24. Bd2 Bc7 25. Rb3 Ne4 26. Rxb7 Bh2+ 27. Nxh2
Rxb7 28. Bc3 Nxc3 0-1

[Event "C.to Regionale Sardegna"]
[Site "Selargius ITA"]
[Date "2007.04.29"]
[Round "8"]
[White "Paulesu, Sebastiano"]
[Black "Ibba, Isacco"]
[Result "1-0"]
[WhiteElo "1969"]
[BlackElo "2203"]
[PlyCount "69"]
[EventDate "2007.04.21"]

1. e4 Nc6 2. d4 d5 3. e5 Bf5 4. c3 e6 5. Bd3 Nge7 6. Ne2 Bxd3 7. Qxd3 f5 8. Nd2
Qd7 9. Nb3 b6 10. a4 Ng6 11. Be3 Be7 12. g3 O-O 13. h4 Rfc8 14. Bf4 Nd8 15. h5
Nf8 16. Qe3 c5 17. Bg5 c4 18. Nd2 b5 19. Bxe7 Qxe7 20. b4 cxb3 21. Nxb3 bxa4
22. Rxa4 Nd7 23. O-O Nb6 24. Ra6 Nc4 25. Qf4 Qb7 26. Rfa1 Qxb3 27. Qg5 Nf7 28.
Qe7 Re8 29. Rxa7 Rxe7 30. Rxa8+ Nd8 31. Rxd8+ Kf7 32. Raa8 g5 33. Rg8 Rb7 34.
h6 Rb8 35. Raxb8 1-0

[Event "XIII Torneo Leonardo di Bona Magistrale"]
[Site "Cutro ITA"]
[Date "2007.04.23"]
[Round "1"]
[White "Agrest, Evgenij"]
[Black "Bentivegna, Francesco"]
[Result "1-0"]
[WhiteElo "2561"]
[BlackElo "2287"]
[PlyCount "67"]
[EventDate "2007.04.23"]

1. Nf3 d5 2. d4 Nc6 3. c4 Bg4 4. Nc3 e6 5. Bg5 Be7 6. cxd5 exd5 7. Bxe7 Ngxe7
8. e3 O-O 9. Bd3 f5 10. h3 Bxf3 11. Qxf3 Nb4 12. Bb1 Qd6 13. a3 Na6 14. O-O c6
15. Ne2 Nc7 16. Qf4 Qd7 17. Qg3 Ne6 18. Bc2 Ng6 19. f4 Rae8 20. Rad1 Ne7 21.
Nc1 Nc8 22. Nd3 Nd6 23. Ne5 Qe7 24. Qe1 Ne4 25. Bxe4 dxe4 26. Qa5 Qc7 27. Qc3
Rd8 28. Rd2 Rd5 29. b4 Rfd8 30. g4 fxg4 31. Nxg4 c5 32. bxc5 h5 33. Ne5 Nxc5
34. Rc2 1-0

[Event "XIII Torneo Leonardo di Bona Magistrale"]
[Site "Cutro ITA"]
[Date "2007.04.23"]
[Round "1"]
[White "Agrest, Svetlana"]
[Black "Drasko, Milan"]
[Result "0-1"]
[WhiteElo "2257"]
[BlackElo "2543"]
[PlyCount "72"]
[EventDate "2007.04.23"]

1. e4 e6 2. d4 d5 3. exd5 exd5 4. Bd3 Nc6 5. c3 Bd6 6. h3 Nge7 7. Nf3 h6 8.
Nbd2 O-O 9. O-O Bf5 10. Bxf5 Nxf5 11. Re1 Re8 12. Nf1 Qd7 13. Be3 Nce7 14. Qd3
Ng6 15. Rad1 Re4 16. Bc1 Rae8 17. Ne3 Nfh4 18. Nxh4 Nxh4 19. Qf1 c6 20. Ng4 Qe6
21. Rxe4 dxe4 22. c4 f5 23. d5 cxd5 24. cxd5 Qg6 25. Ne3 b5 26. Nc2 f4 27. Nd4
f3 28. g4 a6 29. a4 Qf6 30. Ne6 g5 31. axb5 Qe5 32. Bf4 gxf4 33. bxa6 Qxb2 34.
a7 e3 35. Rb1 Qe2 36. Rb6 Qxf1+ 0-1

[Event "XIII Torneo Leonardo di Bona Magistrale"]
[Site "Cutro ITA"]
[Date "2007.04.23"]
[Round "1"]
[White "Blagojevic, Dragisa"]
[Black "Ferro, Mario"]
[Result "0-1"]
[WhiteElo "2529"]
[BlackElo "2235"]
[PlyCount "108"]
[EventDate "2007.04.23"]

1. d4 Nf6 2. c4 e6 3. Nf3 b6 4. g3 Ba6 5. b3 d5 6. Bg2 Nbd7 7. O-O Bd6 8. Nc3
c6 9. Nd2 O-O 10. Bb2 Rc8 11. e4 dxe4 12. Ndxe4 Be7 13. Qe2 Nd5 14. Rfe1 Nxc3
15. Nxc3 Nf6 16. Red1 b5 17. c5 Nd5 18. Nxd5 exd5 19. Bh3 Rc7 20. a4 Re8 21.
Re1 Kf8 22. Bc3 Bf6 23. Qd3 Rxe1+ 24. Rxe1 Re7 25. Rxe7 Kxe7 26. axb5 Bxb5 27.
Qxh7 a5 28. Bd2 g6 29. Bf4 Qh8 30. Bd6+ Ke8 31. Bd7+ Kxd7 32. Qxf7+ Kd8 33.
Bc7+ Kc8 34. Bf4 Qg7 35. Qe6+ Kb7 36. Qe8 Qh8 37. Qd7+ Ka6 38. Be5 Bxe5 39.
dxe5 Qxe5 40. Qc8+ Ka7 41. Qd7+ Kb8 42. Qd8+ Kb7 43. Qxa5 Qe4 44. h4 d4 45.
Qb6+ Kc8 46. Qa7 Qe1+ 47. Kg2 Bf1+ 48. Kf3 Qe2+ 49. Kf4 Qxf2+ 50. Ke5 Qxg3+ 51.
Kxd4 Qxh4+ 52. Kc3 Qg3+ 53. Kb2 Qe5+ 54. Ka2 Qe2+ 0-1

[Event "XIII Torneo Leonardo di Bona Magistrale"]
[Site "Cutro ITA"]
[Date "2007.04.23"]
[Round "1"]
[White "Blasco, Domenico"]
[Black "Sriram, Jha"]
[Result "0-1"]
[WhiteElo "1991"]
[BlackElo "2425"]
[PlyCount "70"]
[EventDate "2007.04.23"]

1. d4 Nf6 2. Bf4 c5 3. e3 Qb6 4. Nc3 e6 5. Nf3 a6 6. a3 Nc6 7. Be2 d5 8. O-O
cxd4 9. exd4 Be7 10. Qd3 O-O 11. Rfd1 Bd7 12. Ne5 Rfc8 13. Rab1 Be8 14. Nxc6
Qxc6 15. Bg5 h6 16. Bxf6 Bxf6 17. Qe3 Qb6 18. f4 Bc6 19. g4 g6 20. Bf3 Re8 21.
Qf2 Rad8 22. Ne2 Qc7 23. Bg2 Bb5 24. Ng3 Bh4 25. c3 f5 26. gxf5 gxf5 27. Kh1
Kh7 28. Qf3 Rg8 29. Bf1 Ba4 30. Rd2 Rg4 31. Re2 Rxf4 32. Qh5 Be8 33. Rxe6 Bxh5
34. Nxh5 Rf2 35. Bg2 Qf7 0-1

[Event "XIII Torneo Leonardo di Bona Magistrale"]
[Site "Cutro ITA"]
[Date "2007.04.23"]
[Round "1"]
[White "Krivoshey, Sergei"]
[Black "Abatino, Maurizio"]
[Result "1-0"]
[WhiteElo "2475"]
[BlackElo "2192"]
[PlyCount "79"]
[EventDate "2007.04.23"]

1. Nf3 Nf6 2. c4 e6 3. Nc3 Bb4 4. Qc2 b6 5. a3 Bxc3 6. Qxc3 Bb7 7. b4 d6 8. Bb2
Nbd7 9. e3 Qe7 10. Be2 O-O 11. O-O Rfc8 12. d3 c5 13. bxc5 Nxc5 14. a4 Bc6 15.
Qc2 Rab8 16. Nd4 Ba8 17. Rfc1 a6 18. Qd1 Nfd7 19. Nf3 Nf8 20. Rcb1 Qd7 21. d4
Ne4 22. Bd3 Ng6 23. d5 Nc5 24. Bc2 e5 25. Bc3 Qg4 26. Nd2 Qxd1+ 27. Bxd1 Ne7
28. e4 f5 29. f3 Rf8 30. Ra2 Nc8 31. a5 Rb7 32. axb6 Rxb6 33. Rxb6 Nxb6 34. Ba5
Nbd7 35. Bc7 Rc8 36. Bxd6 fxe4 37. fxe4 Bb7 38. Bg4 Re8 39. Bxd7 Nxd7 40. c5
1-0

[Event "XIII Torneo Leonardo di Bona Magistrale"]
[Site "Cutro ITA"]
[Date "2007.04.23"]
[Round "1"]
[White "Roeder, Matthias"]
[Black "Cordi', Domenico"]
[Result "1-0"]
[WhiteElo "2453"]
[BlackElo "2084"]
[PlyCount "137"]
[EventDate "2007.04.23"]

1. Nf3 Nf6 2. c4 g6 3. Nc3 Bg7 4. e4 d6 5. d4 O-O 6. h3 Na6 7. Bg5 c6 8. Bd3 e5
9. d5 h6 10. Be3 Qe7 11. Qd2 Kh7 12. g4 cxd5 13. cxd5 Nc5 14. Bc2 Qc7 15. b4
Na6 16. Nb5 Qc4 17. Nxd6 Qxb4 18. Qxb4 Nxb4 19. Bb1 Nd7 20. a3 Na6 21. Nd2 Ndc5
22. Bc2 b6 23. Nxc8 Raxc8 24. Ke2 Rc7 25. a4 Nb7 26. Bd3 Nac5 27. h4 Nxd3 28.
Kxd3 Rfc8 29. Ra2 Rc3+ 30. Ke2 Bf8 31. h5 g5 32. Rb1 Na5 33. Nf3 Nc4 34. Bd2
Nxd2 35. Nxd2 Rc2 36. Rbb2 Rxb2 37. Rxb2 Kg7 38. Kd3 f6 39. Nc4 Bc5 40. f3 Kf8
41. Rc2 Rd8 42. Ne3 Bxe3 43. Kxe3 Rd7 44. Rc6 Ke7 45. Re6+ Kf7 46. Kd3 Rc7 47.
a5 b5 48. Ra6 b4 49. d6 Rc3+ 50. Kd2 Rxf3 51. Rxa7+ Ke6 52. d7 Ke7 53. Kc2 Rc3+
54. Kb2 Ra3 55. Ra6 Rd3 56. Rb6 Rxd7 57. a6 Rd3 58. Rxb4 Rd6 59. Ra4 Rd8 60. a7
Ra8 61. Kc3 Kd6 62. Kc4 Kc6 63. Ra1 Kb7 64. Kd5 Rd8+ 65. Ke6 Ka8 66. Kxf6 Rf8+
67. Kg7 Rf4 68. Kxh6 Rxg4 69. Kg7 1-0

[Event "XIII Torneo Leonardo di Bona Magistrale"]
[Site "Cutro ITA"]
[Date "2007.04.23"]
[Round "1"]
[White "Scerbo, Antonio"]
[Black "Djuric, Stefan"]
[Result "0-1"]
[WhiteElo "2117"]
[BlackElo "2460"]
[PlyCount "66"]
[EventDate "2007.04.23"]

1. d4 Nf6 2. Nf3 c5 3. d5 g6 4. c4 Bg7 5. Nc3 O-O 6. e4 d6 7. h3 e6 8. Bd3 Na6
9. O-O e5 10. a3 Nh5 11. Rb1 Nf4 12. b4 Nxd3 13. Qxd3 h6 14. Nh2 f5 15. f4 exf4
16. Bxf4 g5 17. Bd2 Qf6 18. Kh1 Qg6 19. b5 Nb8 20. Rbe1 f4 21. Ne2 Nd7 22. Bc3
Bxc3 23. Qxc3 Nf6 24. e5 Ne4 25. Qb2 dxe5 26. Qxe5 Bf5 27. Kg1 Rae8 28. Qb2 Nd6
29. Ng4 Bxg4 30. hxg4 Nxc4 31. Qc3 Ne3 32. Rf3 Nc2 33. Rd1 Rxe2 0-1

[Event "XIII Torneo Leonardo di Bona Magistrale"]
[Site "Cutro ITA"]
[Date "2007.04.23"]
[Round "1"]
[White "Van Hoolandt, Patrick"]
[Black "Naumkin, Igor"]
[Result "0-1"]
[WhiteElo "2205"]
[BlackElo "2497"]
[PlyCount "82"]
[EventDate "2007.04.23"]

1. d4 e6 2. c4 f5 3. g3 Nf6 4. Bg2 Be7 5. Nh3 O-O 6. O-O d6 7. Nc3 Qe8 8. b3 c6
9. Ba3 e5 10. f3 Na6 11. e3 Kh8 12. Qd3 Be6 13. Rae1 Rd8 14. Kh1 Bc8 15. Qe2
Nc7 16. Nf2 b5 17. cxb5 cxb5 18. Bb4 Bd7 19. f4 e4 20. g4 Ncd5 21. Nxd5 Nxd5
22. Bd2 b4 23. Rg1 Bb5 24. Qd1 Bh4 25. Nh3 Bxe1 26. Qxe1 fxg4 27. Ng5 Nf6 28.
d5 Nxd5 29. Qh4 h6 30. Bxe4 Nf6 31. Bg2 Kg8 32. Bxb4 hxg5 33. fxg5 Ne4 34. h3
Nf2+ 35. Kh2 Qe5+ 36. Qg3 Qxg3+ 37. Kxg3 Nd3 38. Bd5+ Kh7 39. Ba5 Rde8 40. hxg4
Rxe3+ 41. Kh2 Rf2+ 0-1

[Event "XIII Torneo Leonardo di Bona Magistrale"]
[Site "Cutro ITA"]
[Date "2007.04.24"]
[Round "2"]
[White "Bentivegna, Francesco"]
[Black "Scerbo, Antonio"]
[Result "1-0"]
[WhiteElo "2287"]
[BlackElo "2117"]
[PlyCount "45"]
[EventDate "2007.04.23"]

1. e4 c5 2. Nf3 Nc6 3. c3 Nf6 4. e5 Nd5 5. d4 e6 6. Bc4 d6 7. O-O Be7 8. Qe2
O-O 9. Re1 cxd4 10. cxd4 Na5 11. Bd3 Nb4 12. exd6 Qxd6 13. Be4 f5 14. Bd3 Nxd3
15. Qxd3 Bf6 16. Nc3 Rd8 17. Bg5 Bxd4 18. Nxd4 Qxd4 19. Qb5 Rf8 20. Qxa5 Qg4
21. Be7 Bd7 22. Qc7 Bc6 23. Qg3 1-0

[Event "XIII Torneo Leonardo di Bona Magistrale"]
[Site "Cutro ITA"]
[Date "2007.04.24"]
[Round "2"]
[White "Cordi', Domenico"]
[Black "Agrest, Svetlana"]
[Result "0-1"]
[WhiteElo "2084"]
[BlackElo "2257"]
[PlyCount "52"]
[EventDate "2007.04.23"]

1. e4 d6 2. d4 Nf6 3. Bd3 e5 4. c3 d5 5. dxe5 Nxe4 6. Bxe4 dxe4 7. Qa4+ Bd7 8.
Qxe4 Bc6 9. Qg4 h5 10. Qg3 h4 11. Qg4 Qd7 12. e6 Qxe6+ 13. Qxe6+ fxe6 14. f3
Nd7 15. Nh3 Ne5 16. O-O Bc5+ 17. Kh1 O-O 18. Nd2 Rad8 19. Ng5 h3 20. Nxh3 Rf5
21. Ng5 Rxg5 22. Ne4 Rg6 23. Nxc5 Nxf3 24. Bf4 Nh4 25. Rf2 Nxg2 26. Bg3 Nf4+
0-1

[Event "XIII Torneo Leonardo di Bona Magistrale"]
[Site "Cutro ITA"]
[Date "2007.04.24"]
[Round "2"]
[White "Drasko, Milan"]
[Black "Roeder, Matthias"]
[Result "1/2-1/2"]
[WhiteElo "2543"]
[BlackElo "2453"]
[PlyCount "53"]
[EventDate "2007.04.23"]

1. d4 Nf6 2. c4 e6 3. Nc3 Bb4 4. Qc2 d5 5. cxd5 exd5 6. a3 Bxc3+ 7. bxc3 c5 8.
Bg5 Nbd7 9. e3 Qa5 10. Bd3 c4 11. Bf5 Nc5 12. Bxc8 Nd3+ 13. Ke2 Rxc8 14. Bxf6
gxf6 15. Nf3 O-O 16. Rhd1 Rc6 17. Ne1 Rfc8 18. Nxd3 cxd3+ 19. Rxd3 Rxc3 20.
Rxc3 Rxc3 21. Qf5 Qa6+ 22. Kf3 Qe6 23. Qf4 Kg7 24. a4 b6 25. h4 Rc2 26. g4 h6
27. Kg3 1/2-1/2

[Event "XIII Torneo Leonardo di Bona Magistrale"]
[Site "Cutro ITA"]
[Date "2007.04.24"]
[Round "2"]
[White "Ferro, Mario"]
[Black "Rotstein, Arkadij"]
[Result "0-1"]
[WhiteElo "2235"]
[BlackElo "2537"]
[PlyCount "76"]
[EventDate "2007.04.23"]

1. d4 Nf6 2. c4 e6 3. Nf3 b6 4. g3 Ba6 5. b3 Bb4+ 6. Bd2 Be7 7. Bg2 Bb7 8. O-O
O-O 9. Bc3 d5 10. Nbd2 c5 11. e3 Na6 12. Ne5 Qc7 13. Rc1 Rac8 14. Qf3 cxd4 15.
exd4 Nb4 16. Bb2 Ba8 17. c5 Nxa2 18. Ra1 Nb4 19. Rfc1 bxc5 20. dxc5 d4 21. Qf4
Bxg2 22. Kxg2 Bxc5 23. Bxd4 Nd3 24. Nxd3 Qxf4 25. Nxf4 Bxd4 26. Rxc8 Rxc8 27.
Ra4 Rd8 28. Nf3 Bb6 29. h3 h6 30. Rc4 g5 31. Ne2 Kg7 32. Nc3 Rd3 33. b4 Bxf2
34. Kxf2 Rxc3 35. Rxc3 Ne4+ 36. Ke3 Nxc3 37. Kd3 Nd5 38. b5 a6 0-1

[Event "XIII Torneo Leonardo di Bona Magistrale"]
[Site "Cutro ITA"]
[Date "2007.04.24"]
[Round "2"]
[White "Kasparov, Sergey"]
[Black "Marholev, Dimitar"]
[Result "1/2-1/2"]
[WhiteElo "2536"]
[BlackElo "2375"]
[PlyCount "83"]
[EventDate "2007.04.23"]

1. e4 e5 2. Nf3 Nc6 3. Bb5 a6 4. Bxc6 dxc6 5. O-O f6 6. d4 exd4 7. Nxd4 c5 8.
Ne2 Qxd1 9. Rxd1 Bg4 10. f3 Bd7 11. Be3 O-O-O 12. Nbc3 Bd6 13. Bf4 Be6 14. Bxd6
cxd6 15. Nf4 Bf7 16. Rd2 Ne7 17. Rad1 Kc7 18. Ncd5+ Nxd5 19. Nxd5+ Bxd5 20.
Rxd5 Rhe8 21. Kf2 Re5 22. h4 h5 23. R1d3 g6 24. Ke3 Rxd5 25. Rxd5 Re8 26. Kf4
Rh8 27. g4 hxg4 28. Kxg4 Kd7 29. Rd3 Ke6 30. Re3 c4 31. f4 Kf7 32. Rc3 Rc8 33.
a4 Rc5 34. Kf3 b5 35. axb5 axb5 36. Ra3 Rh5 37. Kg4 f5+ 38. exf5 Rxf5 39. Ra7+
Kf6 40. Rb7 Rd5 41. c3 Rh5 42. Rd7 1/2-1/2

[Event "XIII Torneo Leonardo di Bona Magistrale"]
[Site "Cutro ITA"]
[Date "2007.04.24"]
[Round "2"]
[White "Kasparova, Tatiana"]
[Black "Blagojevic, Dragisa"]
[Result "0-1"]
[WhiteElo "2218"]
[BlackElo "2529"]
[PlyCount "94"]
[EventDate "2007.04.23"]

1. e4 e5 2. Nf3 Nc6 3. Bb5 a6 4. Bxc6 dxc6 5. O-O Qd6 6. Na3 Be6 7. Qe2 f6 8.
c3 Bg4 9. h3 Bh5 10. Rd1 Qe6 11. Nc2 Bd6 12. d4 Ne7 13. b3 O-O 14. Qc4 Qxc4 15.
bxc4 c5 16. Ba3 b6 17. Re1 cxd4 18. Bxd6 cxd6 19. cxd4 Bxf3 20. gxf3 Rfc8 21.
dxe5 dxe5 22. Ne3 Rab8 23. Red1 Nc6 24. Rd7 Nd4 25. Kg2 b5 26. cxb5 axb5 27.
Rb1 Rd8 28. Ra7 Ra8 29. Rxa8 Rxa8 30. Rb2 Rc8 31. Nf5 Rc2 32. Rxc2 Nxc2 33. Kf1
g6 34. Ne7+ Kf7 35. Nd5 Nd4 36. Nc3 Ke6 37. Kg2 Kd6 38. Kg3 Kc5 39. Nd5 f5 40.
Nf6 h5 41. exf5 Nxf5+ 42. Kg2 Kb4 43. Nd7 Ka3 44. Nxe5 Kxa2 45. Nxg6 b4 46. Ne5
b3 47. Nc4 b2 0-1

[Event "XIII Torneo Leonardo di Bona Magistrale"]
[Site "Cutro ITA"]
[Date "2007.04.24"]
[Round "2"]
[White "Naumkin, Igor"]
[Black "Vijayalakshmi, Subbaraman"]
[Result "0-1"]
[WhiteElo "2497"]
[BlackElo "2425"]
[PlyCount "104"]
[EventDate "2007.04.23"]

1. d4 Nf6 2. c4 e6 3. Nf3 b6 4. g3 Bb7 5. Bg2 Be7 6. Nc3 Ne4 7. Bd2 Bf6 8. O-O
O-O 9. Rc1 c5 10. d5 Bxc3 11. Bxc3 exd5 12. cxd5 d6 13. Be1 Re8 14. Nh4 Nd7 15.
f3 Nef6 16. e4 Ba6 17. Rf2 Ne5 18. Qa4 Bd3 19. Bc3 b5 20. Qd1 c4 21. Qd2 a5 22.
a3 Nfd7 23. Nf5 Nc5 24. Re1 Nb3 25. Qe3 Rb8 26. h3 b4 27. axb4 axb4 28. Bd4
Nxd4 29. Qxd4 Qb6 30. f4 Qxd4 31. Nxd4 Nd7 32. Nc6 Rb6 33. e5 f6 34. Bf1 Nc5
35. Rc1 dxe5 36. fxe5 fxe5 37. Bxd3 Nxd3 38. Rxc4 Nxf2 39. Kxf2 Rb5 40. Nxb4
Reb8 41. Nc6 Rxb2+ 42. Ke3 R8b3+ 43. Ke4 Re2+ 44. Kf5 Rf3+ 45. Ke6 Rf6+ 46. Ke7
h6 47. Nb8 Rf7+ 48. Ke6 Rf8 49. Nc6 Rf6+ 50. Kd7 Rd2 51. Ne7+ Kf7 52. Re4 Re6
0-1

[Event "XIII Torneo Leonardo di Bona Magistrale"]
[Site "Cutro ITA"]
[Date "2007.04.24"]
[Round "2"]
[White "Sriram, Jha"]
[Black "Krivoshey, Sergei"]
[Result "0-1"]
[WhiteElo "2425"]
[BlackElo "2475"]
[PlyCount "82"]
[EventDate "2007.04.23"]

1. d4 Nf6 2. c4 e6 3. g3 d5 4. Nf3 Bb4+ 5. Bd2 Be7 6. Bg2 c6 7. O-O O-O 8. Qc2
b6 9. Rd1 Ba6 10. b3 Nbd7 11. Bf4 Rc8 12. Nc3 Re8 13. e4 dxc4 14. Nd2 e5 15.
dxe5 Ng4 16. Bh3 h5 17. Nxc4 Bxc4 18. bxc4 Bc5 19. Bxg4 hxg4 20. Qe2 Qe7 21.
Qxg4 Nxe5 22. Bxe5 Qxe5 23. Rac1 Rcd8 24. Rxd8 Rxd8 25. Rd1 Re8 26. Rd3 Bb4 27.
Qf3 Qe6 28. Qe2 Qxc4 29. Rd8 Qe6 30. Rxe8+ Qxe8 31. Nd1 b5 32. f4 Qd7 33. Kg2
a5 34. Nf2 a4 35. Nd3 Bc3 36. a3 Qd4 37. e5 c5 38. Qg4 Qd5+ 39. Kh3 Qxd3 40.
Qc8+ Kh7 41. f5 Bxe5 0-1

[Event "XIII Torneo Leonardo di Bona Magistrale"]
[Site "Cutro ITA"]
[Date "2007.04.24"]
[Round "2"]
[White "Valotta, Massimiliano"]
[Black "Van Hoolandt, Patrick"]
[Result "0-1"]
[WhiteElo "1889"]
[BlackElo "2205"]
[PlyCount "24"]
[EventDate "2007.04.23"]

1. e4 e5 2. Nf3 Nc6 3. d4 exd4 4. Nxd4 Nf6 5. Nc3 Bb4 6. f3 O-O 7. Bc4 d5 8.
exd5 Nxd5 9. Nxc6 Qh4+ 10. g3 Bxc3+ 11. Kf2 Qxc4 12. Qxd5 Qxc6 0-1

[Event "XIII Torneo Leonardo di Bona Magistrale"]
[Site "Cutro ITA"]
[Date "2007.04.25"]
[Round "3"]
[White "Abatino, Maurizio"]
[Black "Cordi', Domenico"]
[Result "1-0"]
[WhiteElo "2192"]
[BlackElo "2084"]
[PlyCount "77"]
[EventDate "2007.04.23"]

1. d4 Nf6 2. c4 g6 3. Nc3 Bg7 4. e4 d6 5. Be2 O-O 6. Bg5 Na6 7. Qd2 Qe8 8. h3
e5 9. d5 Nc5 10. Qc2 a5 11. g4 Bd7 12. Nf3 h6 13. Be3 b6 14. O-O-O h5 15. Nh2
hxg4 16. hxg4 Nh7 17. Rdg1 f6 18. Nf3 Rf7 19. Qd2 Nf8 20. Nh4 g5 21. Nf5 Ng6
22. Rh2 Nf4 23. Rgh1 Bxf5 24. gxf5 Nxe2+ 25. Qxe2 Rd7 26. f3 Rad8 27. Rh7 Qf7
28. Qh2 Kf8 29. Kc2 Ke7 30. Nb5 Rg8 31. Na7 Kd8 32. Qg2 Na6 33. Nc6+ Kc8 34. a3
Qe8 35. b4 Nb8 36. Na7+ Kb7 37. Nb5 axb4 38. axb4 Rd8 39. Ra1 1-0

[Event "XIII Torneo Leonardo di Bona Magistrale"]
[Site "Cutro ITA"]
[Date "2007.04.25"]
[Round "3"]
[White "Agrest, Evgenij"]
[Black "Drasko, Milan"]
[Result "1/2-1/2"]
[WhiteElo "2561"]
[BlackElo "2543"]
[PlyCount "80"]
[EventDate "2007.04.23"]

1. d4 e6 2. c4 Nf6 3. Nf3 Bb4+ 4. Nbd2 d6 5. g3 Nc6 6. Bg2 a5 7. O-O e5 8. Nb1
exd4 9. Nxd4 Ne5 10. Qc2 c6 11. Bf4 Qb6 12. Nf3 Nxf3+ 13. Bxf3 d5 14. Be5 dxc4
15. Nd2 Be7 16. Rfd1 O-O 17. Nxc4 Qc5 18. Bd4 Qf5 19. Qxf5 Bxf5 20. Bb6 a4 21.
Nd6 Bxd6 22. Rxd6 Be6 23. e4 Nd7 24. Bd4 Rfe8 25. Bg2 c5 26. Bc3 b5 27. f4 b4
28. Be1 Ra7 29. Bf2 Rc7 30. Bf1 Nf6 31. Bg2 Ng4 32. Ra6 Rd8 33. Be1 Ne3 34.
Rxa4 Nxg2 35. Kxg2 Bd7 36. Ra5 Bc6 37. Rc1 Bxe4+ 38. Kf2 Rdc8 39. Bd2 f5 40. b3
Ra8 1/2-1/2

[Event "XIII Torneo Leonardo di Bona Magistrale"]
[Site "Cutro ITA"]
[Date "2007.04.25"]
[Round "3"]
[White "Agrest, Svetlana"]
[Black "Naumkin, Igor"]
[Result "1/2-1/2"]
[WhiteElo "2257"]
[BlackElo "2497"]
[PlyCount "121"]
[EventDate "2007.04.23"]

1. e4 e6 2. d3 d5 3. Nd2 Nf6 4. Ngf3 c5 5. g3 Nc6 6. Bg2 Be7 7. O-O O-O 8. e5
Ne8 9. Re1 b5 10. h4 Nc7 11. Nf1 b4 12. Bg5 a5 13. a3 bxa3 14. bxa3 Rb8 15.
N1h2 Nb5 16. Qd2 a4 17. Ng4 Kh8 18. Qf4 f6 19. exf6 gxf6 20. Bh6 e5 21. Nfxe5
fxe5 22. Nxe5 Rxf4 23. Nxc6 Qd6 24. Bxf4 Qxc6 25. Rxe7 Rb7 26. Rae1 Rxe7 27.
Rxe7 Nxa3 28. c4 Be6 29. Be5+ Kg8 30. Rxe6 Qxe6 31. Bxd5 Qxd5 32. cxd5 Nb5 33.
Ba1 a3 34. g4 Nd4 35. h5 a2 36. Kg2 Kf7 37. g5 Nc2 38. Bc3 Ne1+ 39. Kg3 Nxd3
40. d6 Nb4 41. d7 Nc6 42. f4 Ke7 43. g6 hxg6 44. h6 Nd8 45. h7 Nf7 46. h8=Q
Nxh8 47. Bxh8 Kxd7 48. Kg4 Ke6 49. Kg5 Kd5 50. Kxg6 Ke4 51. f5 c4 52. Ba1 Kd3
53. f6 c3 54. f7 c2 55. f8=Q c1=Q 56. Qf5+ Ke2 57. Qg4+ Kd3 58. Qf3+ Kc2 59.
Qe4+ Kd1 60. Qd3+ Qd2 61. Qxd2+ 1/2-1/2

[Event "XIII Torneo Leonardo di Bona Magistrale"]
[Site "Cutro ITA"]
[Date "2007.04.25"]
[Round "3"]
[White "Bentivegna, Francesco"]
[Black "Kasparova, Tatiana"]
[Result "1-0"]
[WhiteElo "2287"]
[BlackElo "2218"]
[PlyCount "81"]
[EventDate "2007.04.23"]

1. d4 Nf6 2. Bg5 d6 3. Bxf6 exf6 4. g3 d5 5. Bg2 Bf5 6. Nd2 Be7 7. c4 c6 8. Qb3
Qb6 9. Qxb6 axb6 10. cxd5 cxd5 11. Bxd5 Nc6 12. Ngf3 Bh3 13. Bxc6+ bxc6 14. e3
O-O 15. Ke2 c5 16. Rhc1 Bd7 17. a3 g5 18. dxc5 g4 19. Ne1 Bb5+ 20. Nc4 bxc5 21.
Nd3 Rfd8 22. b3 Rab8 23. Rab1 Bc6 24. Nf4 Bf3+ 25. Ke1 Rd7 26. Nd2 Bb7 27. Rb2
f5 28. Nc4 Be4 29. Rd2 Ra7 30. Nd5 Rxb3 31. Nxe7+ Rxe7 32. a4 Ra7 33. a5 Bd3
34. Ne5 Rb1 35. Nxd3 Rxc1+ 36. Nxc1 Rxa5 37. Rc2 Kg7 38. Ke2 Kg6 39. Nd3 Ra1
40. h4 gxh3 41. Nf4+ 1-0

[Event "XIII Torneo Leonardo di Bona Magistrale"]
[Site "Cutro ITA"]
[Date "2007.04.25"]
[Round "3"]
[White "Blagojevic, Dragisa"]
[Black "Blasco, Domenico"]
[Result "1-0"]
[WhiteElo "2529"]
[BlackElo "1991"]
[PlyCount "57"]
[EventDate "2007.04.23"]

1. d4 Nf6 2. c4 c5 3. d5 b5 4. Nf3 g6 5. cxb5 a6 6. e3 Bg7 7. Nc3 O-O 8. a4 d6
9. e4 axb5 10. Bxb5 Ba6 11. Qe2 Bxb5 12. Nxb5 Na6 13. O-O Qb6 14. Nd2 Nb4 15.
Nc4 Qb7 16. Bd2 Nd7 17. Bc3 Nb6 18. Nxb6 Qxb6 19. Qc4 Bxc3 20. bxc3 Na6 21. a5
Qb7 22. Rfb1 Rfb8 23. h3 Nc7 24. Nxc7 Qxc7 25. Rb5 Rxb5 26. Qxb5 Rb8 27. c4 Qa7
28. a6 Rb6 29. Qxb6 1-0